000 00623 a2200181 4500
999 _c54310
_d54310
003 OSt
005 20190806093604.0
008 190806b ||||| |||| 00| 0 eng d
020 _a9789966792662
040 _clc
050 _aJQ2945
_b.G6 E27 2017
245 _aGovernance and development in East Africa 1960-2006/
_bedited by Pontian Godfrey Okoth
260 _bUniversity of Nairobi Press
_c2017
_aNairobi Kenya :
300 _aviii, 228 p. :
_bill. ;
_c27 cm.
650 _aEconomic development
_vPolitical aspects
_xCase studies.
650 _aEconomic assistance
_vDeveloping countries
_xCase studies.
942 _cBK
_2lcc